Gaming Quiz

Random Gaming or Pokémon Quiz
Score 0/64 Timer 15:00
0 Plays Today
Pokedex # Pokemon % Correct
681Aegislash (Blade)
98.5%
681Aegislash (Shield)
98.5%
306Aggron
97%
483Dialga
93.9%
395Empoleon
93.9%
305Lairon
93.9%
81Magnemite
93.9%
82Magneton
93.9%
462Magnezone
93.9%
303Mawile
93.9%
212Scizor
93.9%
304Aron
92.4%
625Bisharp
92.4%
436Bronzor
92.4%
597Ferroseed
92.4%
598Ferrothorn
92.4%
205Forretress
92.4%
448Lucario
92.4%
624Pawniard
92.4%
227Skarmory
92.4%
208Steelix
92.4%
50Alolan Diglett
90.9%
51Alolan Dugtrio
90.9%
27Alolan Sandshrew
90.9%
28Alolan Sandslash
90.9%
411Bastiodon
90.9%
437Bronzong
90.9%
680Doublade
90.9%
485Heatran
90.9%
385Jirachi
90.9%
410Shieldon
90.9%
809Melmetal
90.9%
Pokedex # Pokemon % Correct
808Meltan
90.9%
374Beldum
89.4%
679Honedge
89.4%
600Klang
89.4%
707Klefki
89.4%
599Klink
89.4%
601Klinklang
89.4%
376Metagross
89.4%
375Metang
89.4%
589Escavalier
87.9%
448Mega Lucario
87.9%
303Mega Mawile
87.9%
212Mega Scizor
87.9%
476Probopass
87.9%
379Registeel
87.9%
777Togedemaru
87.9%
797Celesteela
86.4%
638Cobalion
86.4%
632Durant
86.4%
530Excadrill
86.4%
798Kartana
86.4%
801Magearna
86.4%
306Mega Aggron
86.4%
208Mega Steelix
86.4%
791Solgaleo
86.4%
413Wormadam (Trash)
86.4%
493Arceus
84.8%
649Genesect
84.8%
376Mega Metagross
84.8%
800Necrozma (Dusk Mane)
84.6%
805Stakataka
84.6%
773Silvally
74.2%
Remove Ads.
Support Sporcle.
Get the best of Sporcle when you Go Orange. This ad-free experience offers more features, more stats, and more fun while also helping to support Sporcle. Thank you for becoming a member.

You're not logged in!

Compare scores with friends on all Sporcle quizzes.
OR
Log In

Sporcle TV

Today on Sporcle TV


Watch our educational content, quiz creation guides, and fun videos on Sporcle TV.

Show Comments

Extras

Top Quizzes Today


Score Distribution

Paid Content

Your Account Isn't Verified!

In order to create a playlist on Sporcle, you need to verify the email address you used during registration. Go to your Sporcle Settings to finish the process.

Report this User

Report this user for behavior that violates our Community Guidelines.

Details: